The changing face of Dalmatia : archaeological and ecological studies in a Mediterranean landscape

Αποθηκεύτηκε σε:
Λεπτομέρειες βιβλιογραφικής εγγραφής
Κύριος συγγραφέας: Chapman, John 1951-
Άλλοι συγγραφείς: Shields, Rob 1961-, Batovic, Sime
Μορφή: Βιβλίο
Γλώσσα:English
Δημοσίευση: London : Leicester University Press in association with The Society of Antiquaries of london, c1996
Σειρά:Reports of the Research Committee of the Society of Antiquaries of London ; ; 54
Θέματα:
Ετικέτες: Προσθήκη ετικέτας
Δεν υπάρχουν, Καταχωρήστε ετικέτα πρώτοι!

MARC

LEADER 00000nam a2200000 i 4500
001 1/69944
008 981111s1996 eng d
020 |a 0-7185-0048-2 
035 |l 10030504 
040 |a GR-MY-UA  |b gre  |e aacr 
041 0 |a eng 
082 0 |a 937.3 
100 1 |a Chapman, John  |d 1951- 
245 1 4 |a The changing face of Dalmatia :  |b archaeological and ecological studies in a Mediterranean landscape /  |c John Chapman; Robert Shiel; Sime Batovic 
260 |a London :   |b Leicester University Press in association with The Society of Antiquaries of london,   |c c1996 
300 |a 365 p.  |b fig.; tabl. 
490 1 |a Reports of the Research Committee of the Society of Antiquaries of London  |v ; 54 
504 |a Includes bibliographical references and index 
650 0 0 |a Excavations (Archaeology)  |z Croatia  |z Dalmatia. 
651 0 |a Dalmatia (Croatia)  |x Antiquities. 
700 1 |a Shields, Rob  |d 1961- 
700 1 |a Batovic, Sime. 
830 0 |a Reports of the Research Committee of the Society of Antiquaries of London ;  |v ; 54 
852 |a INST  |b LESVOS  |e 19981111  |h 937.3 CHA  |p 005100017749  |q 005100017749  |t BK  |y 0 
901 |a BIBL-1999-1 
909 |a Λ  |b 059813 
922 |a 1ΕΛΗ  |b 199810  |c ΚΠΣ/ΤΓ  |d ΠΑΠΑΣΩΤΗΡΙΟΥ 
950 |a 118-1998-07-21